Les dépendances, quelles langues officielles ? - Statistiques

Statistiques générales
  • Ce quiz a été pris 46 fois
  • Le résultat moyen est 22 sur 46
Statistiques - réponses
Langue officielle Pays Dépendance % Correct
Portugais Chine Macao
86%
Anglais Etats-Unis Porto Rico
78%
Espagnol Etats-Unis Porto Rico
78%
Français France Guadeloupe
73%
Anglais Royaume-Uni Jersey
68%
Français Royaume-Uni Jersey
68%
Français France Martinique
68%
Français France Guyane
65%
Français France Mayotte
62%
Français France Nouvelle-Calédonie
62%
Français France Polynésie française
62%
Français France Saint-Martin
62%
Anglais Royaume-Uni Gibraltar
59%
Anglais Royaume-Uni Guernesey
59%
Français Royaume-Uni Guernesey
59%
Anglais Chine Hong-Kong
59%
Français France Saint-Barthélémy
57%
Français France Saint-Pierre-et-Miquelon
57%
Français France Wallis-et-Futuna
57%
Anglais Etats-Unis Guam
54%
Anglais Royaume-Uni Man
54%
Anglais Royaume-Uni Anguilla
49%
Anglais Royaume-Uni Caïmans
46%
Anglais Nouvelle-Zélande Cook
46%
Anglais Etats-Unis Samoa
46%
Anglais Royaume-Uni Bermudes
41%
Anglais Pays-Bas Curaçao
41%
Anglais Royaume-Uni Malouines
41%
Anglais Nouvelle-Zélande Niue
41%
Anglais Royaume-Uni Sainte-Hélène
41%
Anglais Royaume-Uni Vierges
41%
Anglais Etats-Unis Vierges
41%
Anglais Royaume-Uni Montserrat
38%
Anglais Australie Christmas
35%
Anglais Royaume-Uni Pitcairn
35%
Anglais Royaume-Uni Turques-et-Caïques
35%
Anglais Pays-Bas Saint-Eustache
32%
Anglais Australie Coco
30%
Anglais Etats-Unis Mariannes du Nord
30%
Anglais Royaume-Uni Géorgie du Sud
27%
Anglais Nouvelle-Zélande Tokelau
27%
Anglais Australie Norfolk
24%
Anglais Pays-Bas Saba
24%
Anglais Royaume-Uni Tristan da Cunha
24%
Anglais Royaume-Uni Sandwich du Sud
19%
Anglais Royaume-Uni Ascension
16%
Aucun quiz correspondant
Distribution des résultats
% des personnes avec chaque résultat
Percentile par nombre de réponses
Votre historique - résultats
Vous n’avez pas pris ce quiz